| 000 | 00496nam a2200121Ia 4500 | ||
|---|---|---|---|
| 008 | 220615s9999||||xx |||||||||||||| ||und|| | ||
| 245 | 0 | _aDigital Finance in Europe: Law, Regulation, and Governance | |
| 546 | _aEnglish[eng] | ||
| 650 | _aDigitization of financial services||FinTech||Blockchain||quantum computing||decentralised finance||DeFi | ||
| 700 | _aMarjosola, Heikki||Avgouleas, Emilios | ||
| 856 | _uhttps://library.oapen.org/bitstream/20.500.12657/52260/1/9783110749472.pdf | ||
| 942 | _cEB | ||
| 999 |
_c16424 _d16424 |
||